The humans (Record no. 4813)
[ view plain ]
| 000 -CABECERA | |
|---|---|
| campo de control de longitud fija | 01197nam a22002417a 4500 |
| 008 - DATOS DE LONGITUD FIJA--INFORMACIÓN GENERAL | |
| campo de control de longitud fija | 250703b |||||||| |||| 00| 0 eng d |
| 020 ## - NÚMERO INTERNACIONAL ESTÁNDAR DEL LIBRO | |
| Número Internacional Estándar del Libro | 9781805300175 |
| 040 ## - FUENTE DE LA CATALOGACIÓN | |
| Centro/agencia transcriptor | tbs |
| 041 ## - CÓDIGO DE LENGUA | |
| Código de lengua del texto/banda sonora o título independiente | eng |
| 050 ## - SIGNATURA TOPOGRÁFICA DE LA BIBLIOTECA DEL CONGRESO | |
| Número de clasificación | PR6108.A39 |
| Número de documento/Ítem | H86 2013 |
| 100 ## - ENTRADA PRINCIPAL--NOMBRE DE PERSONA | |
| Nombre de persona | Haig, Matt |
| 9 (RLIN) | 14378 |
| Término indicativo de función/relación | author |
| 245 ## - MENCIÓN DE TÍTULO | |
| Título | The humans |
| Mención de responsabilidad, etc. | / Matt Haig. |
| 260 ## - PUBLICACIÓN, DISTRIBUCIÓN, ETC. | |
| Lugar de publicación, distribución, etc. | London : |
| Nombre del editor, distribuidor, etc. | Canongate Books, |
| Fecha de publicación, distribución, etc. | 2023. |
| 300 ## - DESCRIPCIÓN FÍSICA | |
| Extensión | x, 308 pages ; |
| Dimensiones | 20 cm. |
| 520 ## - SUMARIO, ETC. | |
| Sumario, etc. | After an ''incident'' one wet Friday night where he was found walking naked through the streets of Cambridge, Professor Andrew Martin is not feeling quite himself. Food sickens him. Clothes confound him. Even his loving wife and teenage son are repulsive to him. He feels lost amongst an alien species and hates everyone on the planet. Everyone, that is, except Newton, (and he''s a dog).<br/><br/>Who is he really? And what could make someone change their mind about the human race? |
| 650 #0 - PUNTO DE ACCESO ADICIONAL DE MATERIA--TÉRMINO DE MATERIA | |
| Término de materia o nombre geográfico como elemento de entrada | Extraterrestrial beings |
| Subdivisión de forma | Fiction |
| 9 (RLIN) | 25631 |
| 650 #0 - PUNTO DE ACCESO ADICIONAL DE MATERIA--TÉRMINO DE MATERIA | |
| Término de materia o nombre geográfico como elemento de entrada | Human-alien encounters |
| Subdivisión de forma | Fiction |
| 9 (RLIN) | 25632 |
| 650 #0 - PUNTO DE ACCESO ADICIONAL DE MATERIA--TÉRMINO DE MATERIA | |
| Término de materia o nombre geográfico como elemento de entrada | University of Cambridge |
| Subdivisión de forma | Fiction |
| 9 (RLIN) | 25633 |
| 651 #0 - PUNTO DE ACCESO ADICIONAL DE MATERIA--NOMBRE GEOGRÁFICO | |
| Nombre geográfico | Cambridge (England) |
| Subdivisión de forma | Fiction |
| 9 (RLIN) | 25634 |
| 655 #0 - TÉRMINO DE INDIZACIÓN--GÉNERO/FORMA | |
| Datos o término principal de género/forma | Science fiction |
| 9 (RLIN) | 22728 |
| 655 #0 - TÉRMINO DE INDIZACIÓN--GÉNERO/FORMA | |
| Datos o término principal de género/forma | Humorous fiction |
| 9 (RLIN) | 22906 |
| 942 ## - ELEMENTOS DE ENTRADA AGREGADA (KOHA) | |
| Fuente del sistema de clasificación o colocación | Clasificación de Library of Congress |
| Estado de retiro | Estado de pérdida | Fuente del sistema de clasificación o colocación | Estado dañado | No para préstamo | Biblioteca de origen | Biblioteca actual | Fecha de adquisición | Total de préstamos | Signatura topográfica completa | Código de barras | Fecha visto por última vez | Número de copia | Precio válido a partir de | Tipo de ítem Koha |
|---|---|---|---|---|---|---|---|---|---|---|---|---|---|---|
| Clasificación de Library of Congress | TBS Barcelona | TBS Barcelona | 03/07/2025 | P-EN HAI | B05854 | 03/07/2025 | 1 | 03/07/2025 | Book |

